书目信息 |
| 题名: |
四级听力无忧
|
|
| 作者: | 李海云 主编 | |
| 分册: | ||
| 出版信息: | 北京 外语教学与研究出版社 2009.03 |
|
| 页数: | 279页 | |
| 开本: | 23cm | |
| 丛书名: | 大学英语高分向导 | |
| 单 册: | ||
| 中图分类: | H319.9 | |
| 科图分类: | ||
| 主题词: | 英语--ying yu--听说教学--高等学校--水平考试--自学参考资料 | |
| 电子资源: | ||
| ISBN: | 978-7-5600-8187-8 | |
| 000 | 01124nam 2200265 450 | |
| 001 | h82700000079 | |
| 005 | 20110718090135.32 | |
| 010 | @a978-7-5600-8187-8@dCNY27.90 (含光盘) | |
| 010 | @a978-7-89478-157-4@b光盘 | |
| 100 | @a20090301d2009 km y0chiy50 ea | |
| 101 | 1 | @achi@aeng |
| 102 | @aCN@b110000 | |
| 105 | @ay z 000yy | |
| 106 | @ar | |
| 200 | 1 | @a四级听力无忧@Asi ji ting li wu you@f李海云主编 |
| 210 | @a北京@c外语教学与研究出版社@d2009.03 | |
| 215 | @a279页@d23cm@e光盘1片 | |
| 225 | 2 | @a大学英语高分向导@Ada xue ying yu gao fen xiang dao |
| 330 | @a本书严格依据大学英语四级考试大纲和历年真题编写,针对最新题型和题量的变化,我们也做出了相应的变化与调整,系统全面地设计了考试知识点的分布,摒弃了其他同类教辅只是对听力技巧进行简单罗列的缺点,做到了详略得当、重点突出,剔除不考内容;强化必考、常考及新增的题型和知识点,并对易考点、易错点、难点进行着重讲解与练习,使考生对考试真正做到了然于胸。 | |
| 586 | @a | |
| 606 | 0 | @a英语@Aying yu@x听说教学@x高等学校@x水平考试@j自学参考资料 |
| 690 | @aH319.9@v5 | |
| 701 | 0 | @a李海云@Ali hai yun@4主编 |
| 801 | 0 | @aCN@c20110610 |
| 905 | @dH319.9@eL1703@f3 | |
| 四级听力无忧/李海云主编.-北京:外语教学与研究出版社,2009.03 |
| 279页;23cm+光盘1片.-(大学英语高分向导) |
| ISBN 978-7-5600-8187-8:CNY27.90 (含光盘) |
| 本书严格依据大学英语四级考试大纲和历年真题编写,针对最新题型和题量的变化,我们也做出了相应的变化与调整,系统全面地设计了考试知识点的分布,摒弃了其他同类教辅只是对听力技巧进行简单罗列的缺点,做到了详略得当、重点突出,剔除不考内容;强化必考、常考及新增的题型和知识点,并对易考点、易错点、难点进行着重讲解与练习,使考生对考试真正做到了然于胸。 |
| ● |
| 相关链接 |
|
|
|
正题名:四级听力无忧
索取号:H319.9/L1703
 
预约/预借
| 序号 | 登录号 | 条形码 | 馆藏地/架位号 | 状态 | 备注 |
| 1 | 884852 | 208848522 | 语言库209/209语言库 60排3列4层/ [索取号:H319.9/L1703] | 在馆 | |
| 2 | 884853 | 208848531 | 语言库209/209语言库 60排3列4层/ [索取号:H319.9/L1703] | 在馆 | |
| 3 | 884854 | 208848540 | 语言库209/209语言库 60排3列4层/ [索取号:H319.9/L1703] | 在馆 |